00532cam a22001812 4500001001100000005001700011008004100028020001500069040001500084100003100099245009500130250001300225260003200238300001100270650002800281650003800309852000300347000002070920151217145926.0111005s xx 000 0 eng d a9966446133 aKABUcKABU1 aPenwill, D. J.@000018015210aKamba customary law :bnotes taken in the Machakos District of Kenya /cby D. J. Penwill. a1st ed. aNairobi :bK. L. B.,c1951. a122 p. 0aLaw, Kamba.@0000181225 0aCustomary lawzKenya.@00001612141